| 000 | 00671nam a2200241Ia 4500 | ||
|---|---|---|---|
| 003 | OSt | ||
| 005 | 20220923225519.0 | ||
| 006 | a|||||r|||| 00| 0 | ||
| 007 | ta | ||
| 008 | 220922b |||||||| |||| 00| 0 urd d | ||
| 024 | _a270,220 | ||
| 037 | _cTextual | ||
| 040 |
_aARTS _cARTS _burd |
||
| 041 |
_2urd _aurd |
||
| 082 | _aO168,1L25w,1, 152N2 | ||
| 100 | _aअजमल अजमली | ||
| 245 | 0 | _aज़िक्रे मीर | |
| 246 | _aज़ikre mīra | ||
| 260 | _c1992 | ||
| 650 | _aउर्दू साहित्य | ||
| 942 |
_hO168,1L25w,1, 152N2 _cTEXL _2CC |
||
| 999 |
_c378756 _d378756 |
||